| 000 | 01043nam a22002417a 4500 | ||
|---|---|---|---|
| 001 | 38649 | ||
| 003 | BD-RjUL | ||
| 005 | 20211209052832.0 | ||
| 008 | 160201s1922 ii ||||| |||| 00| 0 ben d | ||
| 035 | _a(BD-RjUL)38757 | ||
| 040 |
_aBD-RjUL _beng _cBD-RjUL |
||
| 041 | _aben | ||
| 082 |
_a294.5921 _bVED 1922 |
||
| 245 |
_aবেদ / _cদুর্গাদাস লাহিড়ী শর্ম্মণা সম্পাদিত _nচতুর্থ : খণ্ড, _pসামবেদ সংহিতা. |
||
| 260 |
_aহাওড়া : _bশ্রীধীরেন্দ্রনাথ-লাহিড়ী শর্ম্মণা, _c১৯২২ |
||
| 300 |
_a৬০৮ পৃ. ; _c২৫ সেমি. |
||
| 500 | _aSanskrit text with Bengali | ||
| 500 | _aপুঠিয়া রাজবাড়ি থেকে সংগৃহীত | ||
| 650 |
_aবেদ _9118535 |
||
| 650 |
_aVedas _9118536 |
||
| 700 |
_aশর্ম্মণা, দুর্গাদাস লাহিড়ী _9119273 |
||
| 942 |
_2ddc _cRAR |
||
| 999 |
_c38649 _d38649 |
||